000
00190 a2200097 4500
020
_a
9781512453904
041
_a
spa
100
_a
Elle Parkes
245
_a
Que vivan los Maestros
942
_c
K
999
_c
27524
_d
27524